000 00898nam a22002177a 4500
999 _c1846
_d1846
003 AR-CdUCM
008 190228b ||||| |||| 00| 0 spa d
040 _aMUNICIPALIDAD PROVINCIAL DEL CUSCO
_cBIBLIOTECA MUNICIPAL DEL CUSCO
082 _a338.9 /
_bC13
100 _aCabala Pinazo, Remigio
_96758
245 _aEl desarrollo economico del departamento de Puno :
_bPerfil histórico /
_cRemigio Cabala Pinazo
260 _aLima :
_bEl Carmen,
_c1982.
300 _a100 paginas ;
_c21 cm.
505 _aEn la era de la acumulación primitiva del capital -- La organización de la colonia -- La iniciativa de la república -- La era del guano y el salitre -- La crisis del orden Oligárquico ...
650 _aProceso histórico
_96759
650 _aFeudalidad
_96760
650 _aModernización
_95169
650 _aDinámica económica
_96761
942 _2ddc
_cLIBROS
945 _aacv
_d2019-02-28